Paper in design

Bibliographic Details
Format: Book
Language:English
Published: Japan : P.I.E Books 2002
Subjects:

MARC

LEADER 00000cam a2200000 7i4500
001 0000011775
005 20241017.0
008 030826 ja a eng
020 |a 4894441969CC3070 
040 |a INS   |b eng   |e rda 
090 0 0 |a NC847   |b P1975 2002 
245 0 0 |a Paper in design 
264 1 |a Japan :   |b P.I.E Books   |c 2002 
264 4 |c ©2002 
300 |a 184 pages :   |b colour illustrations ;   |c 31 cm. 
336 |a text  |2 rdacontent 
337 |a unmediated  |2 rdamedia 
338 |a volume  |2 rdacarrier 
650 0 |a Graphic arts 
650 0 |a Paper work   |x Design 
999 |a 0000011441   |b BOOK   |c Open Shelf   |e Default branch